| 000 | 00971nam a2200313Ia 4500 | ||
|---|---|---|---|
| 001 | Z_6727 | ||
| 003 | CHAP | ||
| 008 | 220113s[200 xx 000 0 und d | ||
| 010 | _a170002 | ||
| 020 | _a84-85441-79-6 | ||
| 040 | _cCHAP | ||
| 082 | _a636.0855 A35 | ||
| 245 |
_aAditivos zootécnicos : alternativas a los antibióticos como promotores del crecimiento / _ccoordinador Carlos Fernández Martínez |
||
| 260 |
_aMadrid, España : _bEditorial Agrícola Española, _c[200 |
||
| 300 | _a128 p. | ||
| 503 | _aej.1: consumo | ||
| 504 | _aBibliografía: p.128 | ||
| 650 |
_aAnimales _x _x Aditivos alimentarios _9145754 |
||
| 650 |
_aAnimales _x _x Utilizacion eficiente de alimentos _9145755 |
||
| 650 |
_aNutrición animal _982275 |
||
| 650 |
_aNutrición animal _x _x Aditivos _9145756 |
||
| 700 |
_aFernández Martínez, Carlos, ed. _9145757 |
||
| 901 | _a636.0855 A35 | ||
| 902 | _aM | ||
| 910 | _a[200 | ||
| 942 | _c1 | ||
| 942 | _cc1 | ||
| 999 |
_c170002 _d170002 |
||